| 000 | 00570nam a22002177a 4500 | ||
|---|---|---|---|
| 003 | BUBTL | ||
| 008 | 160206b xxu||||| |||| 00| 0 eng d | ||
| 020 | _a978-0-19-530048-2 | ||
| 082 |
_222 _a537SAE |
||
| 100 |
_9322 _aSadiku, Matthew N. O. |
||
| 245 | _aElements Of Electromagnetics | ||
| 250 | _a4th | ||
| 260 |
_aNew Delhi _bOxford University Press _cc2007 |
||
| 300 |
_a[xvi] _c24 |
||
| 650 | 0 |
_9323 _aEEE |
|
| 700 |
_9324 _aSadiku, Matthew N. O. |
||
| 760 | _b4th | ||
| 856 |
_k0 _l0 _yDownload |
||
| 942 |
_2ddc _cBK |
||
| 999 |
_c5139 _d5139 |
||